[Event "NAYCC U10"]
[Site "Kingston CAN"]
[Date "2019.08.19"]
[Round "7.38"]
[White "Kvirikadze, Becka"]
[Black "Zhang, Kevin"]
[Result "1-0"]
[WhiteElo "1340"]
[BlackElo "1185"]
[PlyCount "89"]
[EventDate "2019.08.16"]
[EventType "swiss"]
[EventRounds "9"]
[EventCountry "CAN"]

1. e4 c5 2. Nf3 d6 3. d4 cxd4 4. Nxd4 Nf6 5. Nc3 g6 6. f3 Bg7 7. Be3 O-O 8. Qd2
Nc6 9. O-O-O Bd7 10. g4 Nxd4 11. Bxd4 e5 12. Be3 a6 13. Qxd6 Re8 14. Bb6 Qc8
15. Qc7 Qxc7 16. Bxc7 Rac8 17. Bb6 Rc6 18. Be3 Be6 19. Kb1 b5 20. Rc1 b4 21.
Nd1 a5 22. Bb5 Rec8 23. Bxc6 Rxc6 24. b3 Ra6 25. Nb2 Bd7 26. Rhd1 Be8 27. Rd8
Re6 28. Nc4 Bf8 29. Bg5 Be7 30. Bxf6 Bxd8 31. Bxd8 Ra6 32. Bxa5 Bb5 33. Bxb4
Bxc4 34. bxc4 Rb6 35. a3 Kg7 36. c5 Rb7 37. Ka2 Kf6 38. h4 Ke6 39. Rd1 Rc7 40.
Rd6+ Ke7 41. c6 Ke8 42. Ba5 Ra7 43. c7 Ra8 44. Rd8+ Rxd8 45. cxd8=Q# 1-0

[Event "NAYCC U10"]
[Site "Kingston CAN"]
[Date "2019.08.19"]
[Round "7.39"]
[White "Luan, Jacky"]
[Black "Georgescu-Nicolau, Luca"]
[Result "0-1"]
[WhiteElo "594"]
[BlackElo "1337"]
[PlyCount "102"]
[EventDate "2019.08.16"]
[EventType "swiss"]
[EventRounds "9"]
[EventCountry "CAN"]

1. d4 d5 2. Nc3 Nf6 3. Nf3 h6 4. Bf4 a6 5. e3 Nc6 6. g3 Nh5 7. Bg2 Nxf4 8. gxf4
Bf5 9. Nh4 Bd7 10. Bxd5 e6 11. Bg2 Qxh4 12. Qe2 Bb4 13. Qd3 O-O 14. Rg1 Bxc3+
15. Qxc3 g6 16. d5 exd5 17. Bxd5 Qh5 18. Bb3 Kh7 19. Qd3 Rad8 20. Qe4 Bf5 21.
Qg2 Qh3 22. Qxh3 Bxh3 23. Rg3 Be6 24. Bxe6 fxe6 25. e4 Rxf4 26. f3 Nd4 27. Kf2
Nc6 28. Ke3 e5 29. Rag1 g5 30. h4 Rg8 31. hxg5 Rxg5 32. Rxg5 hxg5 33. Rxg5 Rf7
34. Rg4 Nb4 35. c3 Nc6 36. f4 exf4+ 37. Rxf4 Rxf4 38. Kxf4 Kg6 39. e5 Kf7 40.
Kf5 Ke7 41. e6 Nd8 42. Ke5 Nxe6 43. Kd5 c6+ 44. Kc4 Kd6 45. b4 b6 46. a4 b5+
47. axb5 axb5+ 48. Kb3 Kd5 49. Ka3 Kc4 50. Kb2 Ng5 51. Kc2 Ne4 0-1

[Event "NAYCC U10"]
[Site "Kingston CAN"]
[Date "2019.08.19"]
[Round "7.40"]
[White "Velasquez, Noah"]
[Black "Huang, Ivan"]
[Result "1/2-1/2"]
[WhiteElo "1039"]
[BlackElo "1138"]
[PlyCount "78"]
[EventDate "2019.08.16"]
[EventType "swiss"]
[EventRounds "9"]
[EventCountry "CAN"]

1. e4 e6 2. d4 d5 3. exd5 exd5 4. Nf3 Nf6 5. Bd3 Bd6 6. c3 Nbd7 7. Bg5 h6 8.
Bh4 b6 9. Nbd2 Bb7 10. Nb3 c5 11. dxc5 bxc5 12. Bc2 Rc8 13. Qe2+ Be7 14. Bf5
O-O 15. O-O Re8 16. Qd1 Rc7 17. Re1 Bd6 18. Bxd7 Rxe1+ 19. Qxe1 Rxd7 20. Bxf6
gxf6 21. Rd1 a5 22. Nxa5 Re7 23. Qd2 Qxa5 24. Qxh6 Re6 25. Nh4 Bf8 26. Qh5 Bg7
27. Qg4 Qd8 28. Nf5 Qf8 29. h3 Re5 30. Rd3 Bc8 31. Rf3 Bxf5 32. Rxf5 Re4 33.
Qg3 Re5 34. Rxf6 Qe7 35. Rf3 Kf8 36. Re3 Rxe3 37. Qxe3 Qd6 38. Qg3 Qb6 39. Qh4
Kg8 1/2-1/2

[Event "NAYCC U10"]
[Site "Kingston CAN"]
[Date "2019.08.19"]
[Round "7.41"]
[White "Chen, Ricky"]
[Black "Zuo, Roger"]
[Result "0-1"]
[WhiteElo "954"]
[BlackElo "1034"]
[PlyCount "138"]
[EventDate "2019.08.16"]
[EventType "swiss"]
[EventRounds "9"]
[EventCountry "CAN"]

1. e4 e5 2. Nf3 Nc6 3. Bb5 Bc5 4. Bxc6 dxc6 5. O-O Qd6 6. b3 Ne7 7. Bb2 Ng6 8.
d4 exd4 9. Nxd4 Bxd4 10. Bxd4 O-O 11. Qd3 Rd8 12. Rd1 Nf4 13. Qf3 Ne6 14. c3 c5
15. e5 Qd7 16. Rd2 cxd4 17. cxd4 Nxd4 18. Qe3 c5 19. Qc3 Qe7 20. Na3 Qg5 21.
Kh1 Be6 22. Rad1 a6 23. Qxc5 Nxb3 24. Rxd8+ Rxd8 25. Rxd8+ Qxd8 26. Qc2 Qd2 27.
h3 Qxc2 28. Nxc2 Nc5 29. a3 Nd3 30. f3 Nxe5 31. Nb4 Nc4 32. Nc2 Bf5 33. Nd4 Bg6
34. Nb3 Nxa3 35. Nc5 a5 36. Nxb7 a4 37. Nc5 Bc2 38. Na6 Nc4 39. Nb4 Bb3 40. Nd3
a3 41. Nc1 Bc2 42. Kg1 Bb1 43. Kf2 a2 44. Nb3 Nd2 45. Na1 Bf5 46. Ke2 Nc4 47.
g4 Be6 48. Kd3 Na5 49. Kc2 Nb3 50. Kb2 Nxa1 51. Kxa1 f6 52. f4 Kf7 53. f5 Bc4
54. h4 g6 55. fxg6+ Kxg6 56. Kb2 f5 57. gxf5+ Kxf5 58. h5 Kg5 59. h6 Kxh6 60.
Ka1 Kg6 61. Kb2 h5 62. Ka1 h4 63. Kb2 h3 64. Ka1 h2 65. Kb2 h1=Q 66. Kc2 a1=Q
67. Kd2 Qa3 68. Kc2 Qh2+ 69. Kb1 Bd3# 0-1

[Event "NAYCC U10"]
[Site "Kingston CAN"]
[Date "2019.08.19"]
[Round "7.42"]
[White "Zhang, Arthur"]
[Black "Wang, Leo"]
[Result "1/2-1/2"]
[WhiteElo "1703"]
[BlackElo "1040"]
[PlyCount "99"]
[EventDate "2019.08.16"]
[EventType "swiss"]
[EventRounds "9"]
[EventCountry "CAN"]

1. e4 e6 2. d4 d5 3. e5 c5 4. c3 Nc6 5. Nf3 Bd7 6. Bd3 Be7 7. O-O cxd4 8. cxd4
Rc8 9. a3 Qc7 10. b4 a6 11. Bb2 Nh6 12. Nc3 O-O 13. Re1 Rfe8 14. Qc2 Nf5 15.
Bxf5 exf5 16. Nxd5 Qd8 17. Nxe7+ Qxe7 18. Qd2 Be6 19. d5 Red8 20. d6 Qd7 21.
Nd4 Nxd4 22. Bxd4 f6 23. Bb6 Re8 24. exf6 Rc6 25. Bc7 Rxc7 26. fxg7 Rc6 27.
Rad1 Rd8 28. Qe3 Rxd6 29. Rxd6 Qxd6 30. h3 Re8 31. Qf3 Qd7 32. Rd1 Qxg7 33. Rd6
Qa1+ 34. Rd1 Qg7 35. Rd6 Ba2 36. Rb6 Re1+ 37. Kh2 Qc7+ 38. Qg3+ Qxg3+ 39. Kxg3
Re7 40. Kf4 Rf7 41. b5 axb5 42. Rxb5 Be6 43. Rb6 Bc8 44. Rd6 Rd7 45. Rf6 Kg7
46. Rxf5 Rd4+ 47. Ke5 Rd2 48. Rf3 Rd7 49. Rc3 Rd8 50. Rg3+ 1/2-1/2

[Event "NAYCC U10"]
[Site "Kingston CAN"]
[Date "2019.08.19"]
[Round "7.43"]
[White "Luo, Albert"]
[Black "Kurup, Siddharth"]
[Result "0-1"]
[WhiteElo "960"]
[BlackElo "1434"]
[PlyCount "118"]
[EventDate "2019.08.16"]
[EventType "swiss"]
[EventRounds "9"]
[EventCountry "CAN"]

1. e4 e6 2. d4 b6 3. a3 Bb7 4. Nc3 d6 5. Nf3 Nd7 6. Bf4 Ngf6 7. Bd3 Be7 8. e5
dxe5 9. dxe5 Nd5 10. Nxd5 Bxd5 11. c4 Bb7 12. Qc2 h6 13. Be4 c6 14. b4 O-O 15.
b5 Qc8 16. h4 cxb5 17. cxb5 Bxe4 18. Qxe4 Qc3+ 19. Ke2 Qb2+ 20. Nd2 Qxb5+ 21.
Kf3 Rac8 22. g4 Rc3+ 23. Kg2 Rd3 24. g5 hxg5 25. hxg5 Qd5 26. Qxd5 Rxd5 27. Rh2
Nxe5 28. Rah1 f6 29. Bxe5 Rxe5 30. g6 Rg5+ 31. Kf1 Rxg6 32. Nc4 Rd8 33. Ke2 Kf7
34. Rh4 e5 35. R1h3 b5 36. Na5 Rc8 37. Rh7 Rc2+ 38. Kf1 Bc5 39. Rh2 Bxa3 40.
Rh8 Rc1+ 41. Ke2 Rgg1 42. Ra8 Bc5 43. Nb3 Rce1+ 44. Kd2 Bb4+ 45. Kd3 a6 46.
Rxa6 Rg4 47. Rb6 Rb1 48. Nd2 Rd4+ 49. Ke3 Bxd2+ 50. Ke2 e4 51. f3 Re1+ 52. Kf2
e3+ 53. Kg3 e2 54. Kh3 Bf4 55. Rxe2 Rxe2 56. Rxb5 Rh2+ 57. Kg4 g5 58. Rb7+ Bc7+
59. Kf5 Rf4# 0-1

[Event "NAYCC U10"]
[Site "Kingston CAN"]
[Date "2019.08.19"]
[Round "7.44"]
[White "Cacciatore, Luc"]
[Black "Murali, Dhruv"]
[Result "1/2-1/2"]
[WhiteElo "1298"]
[BlackElo "972"]
[PlyCount "84"]
[EventDate "2019.08.16"]
[EventType "swiss"]
[EventRounds "9"]
[EventCountry "CAN"]

1. d4 Nf6 2. Bf4 d5 3. e3 Bf5 4. Bd3 Bxd3 5. cxd3 Nc6 6. Nf3 e6 7. h3 Bb4+ 8.
Nbd2 Bd6 9. Bg5 h6 10. Bh4 Be7 11. O-O O-O 12. Bg3 Bd6 13. Bh2 Bxh2+ 14. Kxh2
Qd6+ 15. Kg1 e5 16. dxe5 Nxe5 17. Qb3 Nxf3+ 18. Nxf3 Qb6 19. Qxb6 axb6 20. Rfc1
c6 21. Kf1 Ra5 22. Ke2 Rfa8 23. a3 Rb5 24. b4 c5 25. bxc5 bxc5 26. Kd2 Rb2+ 27.
Rc2 Rxc2+ 28. Kxc2 b5 29. Ne5 b4 30. a4 Kf8 31. a5 Ke7 32. a6 Kd6 33. f4 Kc7
34. Nxf7 Kb6 35. Nd6 Rxa6 36. Rxa6+ Kxa6 37. Nf5 Ne8 38. Ne7 Nc7 39. Nc6 Kb5
40. Ne5 Ka4 41. Kb2 Ne8 42. g4 Nd6 1/2-1/2

[Event "NAYCC U10"]
[Site "Kingston CAN"]
[Date "2019.08.19"]
[Round "7.45"]
[White "Villegas, Howard"]
[Black "Mane, Arnav"]
[Result "0-1"]
[WhiteElo "724"]
[BlackElo "1168"]
[PlyCount "88"]
[EventDate "2019.08.16"]
[EventType "swiss"]
[EventRounds "9"]
[EventCountry "CAN"]

1. e4 c5 2. Nf3 d6 3. Nc3 Nf6 4. Bc4 e6 5. d4 cxd4 6. Nxd4 a6 7. Nf3 b5 8. Bb3
Bb7 9. e5 dxe5 10. Qxd8+ Kxd8 11. Nxe5 Ke8 12. O-O Bd6 13. Bf4 Bxe5 14. Bxe5
Nbd7 15. Bd4 g5 16. Rfe1 Rg8 17. f3 g4 18. fxg4 Rxg4 19. g3 Rxd4 20. Ne2 Rg4
21. Nf4 Nc5 22. Rad1 Nxb3 23. cxb3 Rd8 24. Rxd8+ Kxd8 25. Rd1+ Bd5 26. Nxd5
Nxd5 27. Kg2 Ke7 28. h3 Ne3+ 29. Kf3 Rxg3+ 30. Kxg3 Nxd1 31. a4 bxa4 32. bxa4
Nxb2 33. Kf4 Nxa4 34. Ke3 Nc5 35. Kd4 Nb3+ 36. Kc3 Nc1 37. Kc2 Ne2 38. Kd2 Nf4
39. h4 Kd6 40. Ke3 Ng2+ 41. Kd4 Nxh4 42. Ke4 a5 43. Kd3 a4 44. Kc3 f5 0-1

[Event "NAYCC U10"]
[Site "Kingston CAN"]
[Date "2019.08.19"]
[Round "7.46"]
[White "Su, Leo"]
[Black "White, Max"]
[Result "1-0"]
[WhiteElo "915"]
[BlackElo "1063"]
[PlyCount "73"]
[EventDate "2019.08.16"]
[EventType "swiss"]
[EventRounds "9"]
[EventCountry "CAN"]

1. e4 e5 2. Nf3 Nc6 3. Bc4 Be7 4. Nc3 Nf6 5. O-O O-O 6. d3 d6 7. h3 Be6 8. Bxe6
fxe6 9. Be3 d5 10. d4 exd4 11. Nxd4 Nxd4 12. Bxd4 dxe4 13. Bxf6 Qxd1 14. Rfxd1
Bxf6 15. Nxe4 Bxb2 16. Rab1 Bd4 17. Rxd4 Rf4 18. Rxb7 c5 19. Rc4 a6 20. Nd6
Rxc4 21. Nxc4 Rd8 22. Ne5 h6 23. Rb6 Rd5 24. Rxe6 Rd1+ 25. Kh2 Re1 26. f4 a5
27. Rc6 Ra1 28. Rxc5 Rxa2 29. c4 a4 30. Ra5 Kf8 31. c5 Ke7 32. c6 Kd6 33. Ra7
Rc2 34. Rxa4 g5 35. Nf7+ Kxc6 36. Nxh6 gxf4 37. Rxf4 1-0

[Event "NAYCC U10"]
[Site "Kingston CAN"]
[Date "2019.08.19"]
[Round "7.47"]
[White "Beechener, Alexander"]
[Black "Liu, Henry"]
[Result "0-1"]
[WhiteElo "497"]
[BlackElo "797"]
[PlyCount "84"]
[EventDate "2019.08.16"]
[EventType "swiss"]
[EventRounds "9"]
[EventCountry "CAN"]

1. e4 c5 2. Qh5 d6 3. Bb5+ Nd7 4. Bc4 g6 5. Qf3 Ne5 6. Qc3 Nf6 7. Bb3 Nxe4 8.
Qe3 Nf6 9. Ba4+ Bd7 10. Bxd7+ Qxd7 11. Nf3 Nxf3+ 12. gxf3 Qh3 13. Qb3 Qe6+ 14.
Kd1 Qxb3 15. axb3 Bg7 16. Ra5 O-O 17. Nc3 e5 18. Nb5 b6 19. Rxa7 Rxa7 20. Nxa7
Ra8 21. Nb5 e4 22. fxe4 Nxe4 23. Rf1 Bf6 24. Nc7 Rc8 25. Nd5 Bh4 26. Ne7+ Bxe7
27. Re1 Nxf2+ 28. Ke2 Re8 29. Kxf2 Bh4+ 30. Kf1 Rxe1+ 31. Kg2 Rxc1 32. d4 Rxc2+
33. Kg1 cxd4 34. b4 d3 35. Kf1 d2 36. Ke2 Rxb2 37. Kd1 Be1 38. Ke2 Rxb4 39. h4
Rb1 40. h5 d1=Q+ 41. Kf1 Qf3+ 42. Kg1 Bg3# 0-1

[Event "NAYCC U10"]
[Site "Kingston CAN"]
[Date "2019.08.19"]
[Round "7.48"]
[White "Hanchell, Lheerin"]
[Black "Huang, Ryan"]
[Result "0-1"]
[WhiteElo "1050"]
[BlackElo "773"]
[PlyCount "68"]
[EventDate "2019.08.16"]
[EventType "swiss"]
[EventRounds "9"]
[EventCountry "CAN"]

1. e4 c5 2. Bc4 Nf6 3. Nc3 Nc6 4. d3 g6 5. Nf3 Bg7 6. Ng5 O-O 7. Bf4 d6 8. O-O
e5 9. Nf3 exf4 10. Bb5 a6 11. Ba4 Bg4 12. Qe2 Nd4 13. Qd1 Qa5 14. Qe1 Bxf3 15.
gxf3 Nxf3+ 16. Kg2 Nxe1+ 17. Raxe1 Qb4 18. a3 Qxb2 19. Nb1 Qe5 20. Rg1 Ng4 21.
h3 Qd4 22. hxg4 Qxa4 23. Rh1 Qd7 24. f3 Qa4 25. Rh2 Qxc2+ 26. Kg1 Qxd3 27. Kg2
h6 28. Reh1 Kh7 29. g5 h5 30. a4 b5 31. axb5 axb5 32. Kg1 Qxb1+ 33. Kg2 Qb2+
34. Kg1 Ra1# 0-1

[Event "NAYCC U10"]
[Site "Kingston CAN"]
[Date "2019.08.19"]
[Round "7.49"]
[White "Komolafe, Joshua"]
[Black "Odrcich, Eric"]
[Result "0-1"]
[WhiteElo "1050"]
[BlackElo "564"]
[Annotator ",Microsoft"]
[PlyCount "27"]
[EventDate "2019.08.16"]
[EventType "swiss"]
[EventRounds "9"]
[EventCountry "CAN"]

1. e4 e5 2. Nf3 Nc6 3. Nc3 Nf6 4. d3 d5 5. Bg5 dxe4 6. dxe4 Qxd1+ 7. Nxd1 Nb4
8. Bxf6 Nxc2+ 9. Kd2 Nxa1 10. Bc4 Be6 11. Bb5+ Bd7 12. Bh4 Bxb5 13. Nxe5 Bb4+
14. Nc3 {Black played the illegal o-o-o+ and won in 50 moves.} 0-1

[Event "NAYCC U10"]
[Site "Kingston CAN"]
[Date "2019.08.19"]
[Round "8.22"]
[White "Lin, Leo"]
[Black "Meister, Xan"]
[Result "1-0"]
[WhiteElo "1772"]
[BlackElo "1353"]
[PlyCount "57"]
[EventDate "2019.08.16"]
[EventType "swiss"]
[EventRounds "9"]
[EventCountry "CAN"]

1. Nf3 Nf6 2. c4 e6 3. d4 b6 4. Nc3 Bb4 5. Bg5 Bb7 6. e3 d6 7. Qa4+ Nc6 8. d5
Bxc3+ 9. bxc3 Qd7 10. Bxf6 gxf6 11. dxc6 Bxc6 12. Qc2 O-O-O 13. Be2 Rdg8 14.
O-O e5 15. g3 h5 16. Bd3 Kb8 17. Bf5 Qe7 18. Nh4 Qf8 19. e4 Qh6 20. Qc1 Qg7 21.
a4 a5 22. Qe3 Qf8 23. Rab1 Ka7 24. Rb2 Qd8 25. Rfb1 Ka6 26. Bh3 Qb8 27. Nf5 h4
28. Bf1 Ka7 29. Ne7 1-0

[Event "NAYCC U10"]
[Site "Kingston CAN"]
[Date "2019.08.19"]
[Round "8.23"]
[White "Xu, Alex"]
[Black "Guo, Edward"]
[Result "1-0"]
[WhiteElo "1763"]
[BlackElo "1666"]
[PlyCount "43"]
[EventDate "2019.08.16"]
[EventType "swiss"]
[EventRounds "9"]
[EventCountry "CAN"]

1. e4 e5 2. Nf3 Nc6 3. Bc4 Bc5 4. c3 Nf6 5. d4 exd4 6. cxd4 Bb4+ 7. Bd2 Bxd2+
8. Nbxd2 d5 9. exd5 Nxd5 10. Qb3 Nce7 11. O-O O-O 12. Ne4 b6 13. Rac1 Bb7 14.
Rfd1 Rc8 15. Ne5 f6 16. Nf3 Kh8 17. Nc5 bxc5 18. Qxb7 c6 19. Qxa7 Rc7 20. Qxc5
Qd7 21. Bxd5 Nxd5 22. Qxf8# 1-0

[Event "NAYCC U10"]
[Site "Kingston CAN"]
[Date "2019.08.19"]
[Round "8.24"]
[White "Yang, Jingyun (Ryan)"]
[Black "Jiang, Barron Jiyu"]
[Result "1-0"]
[WhiteElo "1875"]
[BlackElo "1421"]
[PlyCount "85"]
[EventDate "2019.08.16"]
[EventType "swiss"]
[EventRounds "9"]
[EventCountry "CAN"]

1. e4 c5 2. Nf3 d6 3. c3 Nc6 4. d4 cxd4 5. cxd4 e6 6. Nc3 Be7 7. Bf4 Nf6 8. Be2
O-O 9. O-O d5 10. exd5 exd5 11. Rc1 Bf5 12. Ne5 Bd6 13. Nb5 Bxe5 14. dxe5 Ne8
15. Nd4 Nxd4 16. Qxd4 Nc7 17. Qb4 Ne6 18. Be3 a5 19. Qa4 Qe7 20. Rfd1 d4 21.
Bxd4 Nxd4 22. Qxd4 Rfd8 23. Qb6 Rxd1+ 24. Rxd1 h6 25. f4 Be4 26. g3 Bc6 27. Rd6
f6 28. Bc4+ Kh8 29. Qc5 Re8 30. e6 a4 31. Bd3 Kg8 32. Bg6 a3 33. bxa3 Kh8 34.
Bxe8 Qxe8 35. Qa5 Kh7 36. Qf5+ Kh8 37. Qd3 Be4 38. Qxe4 f5 39. e7 Qb5 40. e8=Q+
Qxe8 41. Qxe8+ Kh7 42. Qg6+ Kh8 43. Rd8# 1-0

[Event "NAYCC U10"]
[Site "Kingston CAN"]
[Date "2019.08.19"]
[Round "8.25"]
[White "Tang, Benjamin"]
[Black "Yao, Henry"]
[Result "1-0"]
[WhiteElo "1679"]
[BlackElo "1405"]
[PlyCount "33"]
[EventDate "2019.08.16"]
[EventType "swiss"]
[EventRounds "9"]
[EventCountry "CAN"]

1. e4 e6 2. d4 d5 3. e5 c5 4. c3 Nc6 5. Nf3 Qb6 6. Bd3 Bd7 7. dxc5 Bxc5 8. O-O
Nge7 9. b4 Bxb4 10. cxb4 Nxb4 11. Be3 Qd8 12. Nc3 Rc8 13. Nb5 Bxb5 14. Bxb5+
Nbc6 15. Bd3 O-O 16. Bxh7+ Kh8 17. Bd3 1-0

[Event "NAYCC U10"]
[Site "Kingston CAN"]
[Date "2019.08.19"]
[Round "8.26"]
[White "Vemparala, Nikash"]
[Black "Liu, Lucas"]
[Result "1-0"]
[WhiteElo "1485"]
[BlackElo "1401"]
[PlyCount "55"]
[EventDate "2019.08.16"]
[EventType "swiss"]
[EventRounds "9"]
[EventCountry "CAN"]

1. e4 c5 2. Nc3 Nc6 3. g3 g6 4. Bg2 Bg7 5. d3 d6 6. Be3 e5 7. f4 Nge7 8. Nf3
O-O 9. O-O Be6 10. h3 Nd4 11. g4 f6 12. f5 Bf7 13. Ne2 b5 14. c3 Ndc6 15. Nh4
g5 16. Nf3 b4 17. h4 h6 18. hxg5 fxg5 19. Nh2 Bf6 20. Qd2 a5 21. Ng3 a4 22. Nf3
Qa5 23. Nxg5 hxg5 24. Bxg5 Bxg5 25. Qxg5+ Kh7 26. f6 Ng6 27. Qh5+ Kg8 28. Qh6
1-0

[Event "NAYCC U10"]
[Site "Kingston CAN"]
[Date "2019.08.19"]
[Round "8.27"]
[White "Shi, Michael"]
[Black "Chamadia, Avaan"]
[Result "1/2-1/2"]
[WhiteElo "1795"]
[BlackElo "1362"]
[PlyCount "203"]
[EventDate "2019.08.16"]
[EventType "swiss"]
[EventRounds "9"]
[EventCountry "CAN"]

1. e4 c5 2. Nf3 g6 3. d4 cxd4 4. Nxd4 Bg7 5. Nc3 Nc6 6. Be3 Nf6 7. f3 O-O 8.
Be2 d5 9. exd5 Nb4 10. O-O Nbxd5 11. Nxd5 Nxd5 12. Bf2 Nf4 13. c3 e5 14. Nb3
Qg5 15. Bg3 Nh5 16. Qd2 Qe7 17. Bf2 Rd8 18. Qe3 Nf4 19. Bg3 Nd5 20. Qc5 Qg5 21.
f4 exf4 22. Bxf4 Qh4 23. Bg3 Qh6 24. Rad1 Be6 25. Bf3 Rdc8 26. Qf2 Ne3 27. Bxb7
Nxd1 28. Rxd1 Rd8 29. Rf1 Bc4 30. Re1 Bxb3 31. axb3 Rd2 32. Bf4 Rxf2 33. Bxh6
Rxb2 34. Bxa8 Bxh6 35. Bd5 Kf8 36. Ra1 f5 37. Kf1 Be3 38. Ra6 Kg7 39. Re6 Bb6
40. Re2 Rb1+ 41. Re1 Rb2 42. Re2 Rb1+ 43. Re1 Rxe1+ 44. Kxe1 Kf6 45. b4 Ke5 46.
c4 a5 47. bxa5 Bxa5+ 48. Kf2 Bb6+ 49. Kf3 g5 50. g4 f4 51. h3 h6 52. Kg2 Kd4
53. Be6 Ke3 54. Bd5 Bc5 55. Bf3 Bd4 56. Bd5 Ba7 57. Bf3 Bc5 58. Bd5 Bb6 59. Bf3
Ba5 60. Bd5 Bc7 61. Bf3 Bd6 62. Bd5 Bc5 63. Bf3 Bb6 64. Bd5 Ke2 65. Bf3+ Kd3
66. Bd5 Bc5 67. Be6 Ke4 68. Bd5+ Kd4 69. Be6 Ke3 70. Bd5 Ke2 71. Bf3+ Ke1 72.
Bd5 Kd2 73. Bf3 Kd3 74. Bd5 Be3 75. Be6 Bc5 76. Bd5 Ke3 77. Bf3 Bd4 78. Bd5 Ba7
79. Bf3 Bc5 80. Bd5 Bd4 81. Bf3 Bb6 82. Bd5 Ba7 83. Bf3 Bd4 84. Bd5 Be5 85. Bf3
Bc7 86. Bd5 Bd6 87. Bf3 Bc7 88. Bd5 Bb6 89. Bf3 Bd8 90. Bd5 Be7 91. Bf3 Bf6 92.
Bd5 Be5 93. Bf3 Bb8 94. Bd5 Bd6 95. Bf3 Ba3 96. Bd5 Bf8 97. Bf3 Bg7 98. Bd5 Bf8
99. Bf3 Bd6 100. Bd5 Bb8 101. Bf3 Bc7 102. Bd5 1/2-1/2

[Event "NAYCC U10"]
[Site "Kingston CAN"]
[Date "2019.08.19"]
[Round "8.28"]
[White "Liu, Eric"]
[Black "Wang, Alexander"]
[Result "0-1"]
[WhiteElo "1459"]
[BlackElo "1487"]
[PlyCount "110"]
[EventDate "2019.08.16"]
[EventType "swiss"]
[EventRounds "9"]
[EventCountry "CAN"]

1. d4 d5 2. c4 e6 3. Nc3 c5 4. Nf3 Nc6 5. e3 Nf6 6. Bd3 dxc4 7. Bxc4 a6 8. O-O
b5 9. Bd3 cxd4 10. exd4 Be7 11. Bf4 O-O 12. Re1 Bb7 13. a3 Rc8 14. Rc1 Re8 15.
Bc2 Qb6 16. Be3 Qc7 17. Qd3 Rcd8 18. Qe2 Qb8 19. Red1 Qa8 20. Qf1 b4 21. axb4
Nxb4 22. Ne5 Nfd5 23. Nxd5 Bxd5 24. Ba4 Rf8 25. Nd7 Rxd7 26. Bxd7 Bb3 27. Rd2
Rd8 28. d5 Rxd7 29. dxe6 Bxe6 30. Rxd7 Bxd7 31. Rc7 Qe8 32. Qd1 Be6 33. Bc5
Bxc5 34. Rxc5 h6 35. h3 Qe7 36. Rc3 Qf6 37. Qf3 Qd4 38. Qe3 Qd1+ 39. Kh2 Nd5
40. Qc1 Nxc3 41. Qxc3 Qb3 42. Qd4 g6 43. Qd8+ Kh7 44. Qf6 a5 45. f3 a4 46. Kg3
Qb8+ 47. Kf2 Qb5 48. g4 Qg5 49. Qd4 Qb5 50. Qf6 Qd3 51. Qe5 Bd5 52. Qf6 Qd2+
53. Kg3 Qe3 54. Kg2 Qe1 55. Kh2 Qf2+ 0-1

[Event "NAYCC U10"]
[Site "Kingston CAN"]
[Date "2019.08.19"]
[Round "8.29"]
[White "Ho, Jasper"]
[Black "Yang, Larry"]
[Result "1-0"]
[WhiteElo "1730"]
[BlackElo "1378"]
[PlyCount "85"]
[EventDate "2019.08.16"]
[EventType "swiss"]
[EventRounds "9"]
[EventCountry "CAN"]

1. e4 e5 2. Nf3 Nc6 3. Bc4 Bc5 4. O-O Nf6 5. d4 Bxd4 6. Nxd4 Nxd4 7. f4 d6 8.
fxe5 dxe5 9. Bg5 Qe7 10. Na3 Be6 11. c3 Nc6 12. Bxe6 fxe6 13. Bxf6 gxf6 14. Nc2
Rg8 15. Qf3 Rg6 16. Rad1 Nd8 17. Ne3 Qg7 18. h3 Nf7 19. Ng4 Ke7 20. Rd2 Nd6 21.
Rdf2 f5 22. exf5 exf5 23. Ne3 Rf8 24. Rd1 Rg3 25. Qe2 Rxh3 26. Nd5+ Kd8 27. c4
Kc8 28. Ne7+ Kb8 29. Nxf5 Nxf5 30. Rxf5 Rg8 31. Rxe5 a6 32. Re8+ Rxe8 33. Qxe8+
Ka7 34. Rd8 Rg3 35. Ra8+ Kb6 36. Qe2 Qd4+ 37. Kh1 Qf4 38. b4 Qf5 39. c5+ Kc6
40. a4 Rg5 41. Qe8+ Qd7 42. Rxa6+ b6 43. Qa8# 1-0

[Event "NAYCC U10"]
[Site "Kingston CAN"]
[Date "2019.08.19"]
[Round "8.30"]
[White "Soni, Arjun"]
[Black "Yang, Andersen"]
[Result "1/2-1/2"]
[WhiteElo "1665"]
[BlackElo "1400"]
[PlyCount "66"]
[EventDate "2019.08.16"]
[EventType "swiss"]
[EventRounds "9"]
[EventCountry "CAN"]

1. e4 d5 2. exd5 Qxd5 3. Nc3 Qa5 4. d4 Nf6 5. Nf3 Bg4 6. Be2 Nc6 7. O-O O-O-O
8. Be3 e5 9. Ng5 Bxe2 10. Nxe2 exd4 11. Nxd4 Rxd4 12. Bxd4 Qxg5 13. Bxf6 Qxf6
14. Qg4+ Qe6 15. Qxe6+ fxe6 16. Rfe1 e5 17. c3 Bc5 18. b4 Bd6 19. b5 Ne7 20.
Rad1 Ng6 21. g3 Rf8 22. h4 h5 23. c4 Bc5 24. Re2 b6 25. a4 Rd8 26. Rxd8+ Kxd8
27. Rd2+ Bd6 28. a5 Ke7 29. axb6 axb6 30. Ra2 Kf6 31. Ra8 Kf7 32. Ra7 Kf6 33.
Ra8 Kf7 1/2-1/2

[Event "NAYCC U10"]
[Site "Kingston CAN"]
[Date "2019.08.19"]
[Round "8.31"]
[White "Zhang, Brian"]
[Black "Kvirikadze, Becka"]
[Result "1-0"]
[WhiteElo "1526"]
[BlackElo "1340"]
[PlyCount "51"]
[EventDate "2019.08.16"]
[EventType "swiss"]
[EventRounds "9"]
[EventCountry "CAN"]

1. e4 c5 2. Nf3 d6 3. Nc3 Nf6 4. d3 e6 5. g3 Be7 6. Bg2 O-O 7. O-O Nc6 8. Re1
Bd7 9. Bf4 b6 10. Qe2 Nd4 11. Nxd4 cxd4 12. Nd1 Rc8 13. Rc1 e5 14. Bd2 Be6 15.
f4 Bxa2 16. f5 Bb3 17. cxb3 Rxc1 18. Bxc1 Qd7 19. Nf2 Qb5 20. Qc2 Qa6 21. Bd2
Rc8 22. Qb1 Qb5 23. b4 Qa4 24. Rc1 Rxc1+ 25. Qxc1 Qb3 26. Kf1 1-0

[Event "NAYCC U10"]
[Site "Kingston CAN"]
[Date "2019.08.19"]
[Round "8.32"]
[White "Darvekar, Yash"]
[Black "Chen, Vincent"]
[Result "1-0"]
[WhiteElo "1505"]
[BlackElo "1368"]
[PlyCount "105"]
[EventDate "2019.08.16"]
[EventType "swiss"]
[EventRounds "9"]
[EventCountry "CAN"]

1. e4 e6 2. d4 d5 3. e5 c5 4. c3 Nc6 5. Nf3 Qb6 6. a3 Nge7 7. b4 cxb4 8. cxb4
Nf5 9. Bb2 a6 10. Bd3 Bd7 11. Bxf5 exf5 12. O-O Be7 13. Nc3 Be6 14. Na4 Qc7 15.
Rc1 O-O 16. Nc5 Bxc5 17. dxc5 Rad8 18. Bd4 f4 19. h3 Bf5 20. Nh4 Bg6 21. Nxg6
fxg6 22. Re1 Rde8 23. e6 Qc8 24. Bb2 Rxe6 25. Qxd5 Nd8 26. Rxe6 Nxe6 27. c6 b5
28. Re1 Re8 29. Qd7 Qxd7 30. cxd7 Rd8 31. Rxe6 Rxd7 32. Rxa6 Rd1+ 33. Kh2 Rd2
34. Bc3 Rxf2 35. Rb6 f3 36. Kg3 Rc2 37. Bd4 fxg2 38. Rxb5 Ra2 39. Ra5 Rb2 40.
Bf2 Rb3+ 41. Kxg2 Kf7 42. b5 Ke8 43. b6 Kd8 44. Ra7 h6 45. a4 Kc8 46. a5 Kb8
47. a6 Rb2 48. Rc7 Rxf2+ 49. Kxf2 g5 50. a7+ Ka8 51. Rc8+ Kb7 52. a8=Q+ Kxb6
53. Qb8+ 1-0

[Event "NAYCC U10"]
[Site "Kingston CAN"]
[Date "2019.08.19"]
[Round "8.33"]
[White "Georgescu-Nicolau, Luca"]
[Black "Wang, Andy Zixin"]
[Result "1-0"]
[WhiteElo "1337"]
[BlackElo "1482"]
[PlyCount "137"]
[EventDate "2019.08.16"]
[EventType "swiss"]
[EventRounds "9"]
[EventCountry "CAN"]

1. d4 d5 2. c4 dxc4 3. e3 c5 4. Bxc4 Nc6 5. Bb5 Qb6 6. Qa4 Bd7 7. d5 Ne5 8.
Bxd7+ Nxd7 9. Nc3 Ngf6 10. Nge2 g6 11. O-O Bg7 12. e4 O-O 13. Qc2 Qc7 14. f3 a6
15. Rd1 b5 16. Bf4 Qb6 17. d6 e6 18. Be3 Qc6 19. Bf4 Nh5 20. Bc1 Nb6 21. g4 Nf6
22. e5 Nfd5 23. f4 Nb4 24. Qe4 Qxe4 25. Nxe4 Nd7 26. g5 Rfd8 27. Bd2 Nd5 28.
Rdc1 Rdc8 29. Rc2 h6 30. h4 hxg5 31. hxg5 Kh7 32. Rac1 c4 33. b3 N5b6 34. bxc4
Rxc4 35. Rxc4 Nxc4 36. Be1 Ndb6 37. Nd2 Rc8 38. Nxc4 Nxc4 39. Ba5 Ra8 40. Rxc4
bxc4 41. d7 Bf8 42. d8=Q Rxd8 43. Bxd8 Bb4 44. Bb6 Bd2 45. Bd4 Kg8 46. Bc3 Bxc3
47. Nxc3 Kf8 48. Kf2 Ke7 49. Ke3 Kd7 50. Kd4 Kc6 51. Kxc4 Kb6 52. Kb4 a5+ 53.
Kc4 Kc6 54. Nb5 Kd7 55. Nd6 Ke7 56. a4 Kf8 57. Kb5 Kg7 58. Kxa5 Kf8 59. Kb6 Kg7
60. Kb7 Kf8 61. a5 Kg7 62. a6 Kf8 63. a7 Kg7 64. Kc7 Kh7 65. Kd7 f6 66. exf6 e5
67. a8=Q e4 68. Nf7 e3 69. Qh8# 1-0